=LDR 00000nam 2200000 4500 =001 INLIS000000000024864 =005 20130612123424 =008 ***********************************Ind** =035 ##$$0010-061300000024864 =041 ##$$a Ind =082 ##$$a 2X2.1 =090 ##$$a X2.1, Ghi i =100 ##$$a Ghifari, Abu =245 ##$$a Intisari bahan khutbah, Abu Ghivari =260 ##$$a 2004 $b Jakarta =300 ##$$a 144 hlm, 21 cm =650 ##$$a Materi khutbah =850 ##$$a NBPNMAT